000
00214 a2200097 4500
001
46364
100
_a
Tetley, L
245
_a
Electronic aids to navigation
260
_a
_b
Edward Arnold
_c
090
_c
29482
_d
29482
942
_a
NUST-CAE
_c
M
_c
21649
999
_c
281437
_d
281437